| 000 | 00473nam a22001697a 4500 | ||
|---|---|---|---|
| 005 | 20230119113351.0 | ||
| 008 | 200320b xxu||||| |||| 00| 0 eng d | ||
| 020 | _a9788123919195 | ||
| 041 | _aeng | ||
| 100 | _aQADRY, J.S | ||
| 245 |
_aTEXT BOOK OF INORGANIC PHARMACEUTICAL AND MEDICINAL CHEMISTRY _cJ.S QADRY |
||
| 250 | _a1'ST | ||
| 260 |
_aNEW DELHI _bCBS PUBLISHERS AND DISTRIBUTORS _c2019 |
||
| 300 | _a286P. ;XIV | ||
| 650 |
_aPHARMCY _xB.PHARMA _97468 |
||
| 942 | _cBK | ||
| 999 |
_c6182 _d6180 |
||